Videospiel Charaktere -6- - Statistiken

Allgemein
  • Dieses Quiz wurde 1.574 mal gespielt
  • Das Durchschnittsergebnis liegt bei 5 aus 16
Antwortstatistiken
Bildquiz Antwort % Korrekt
Toad
98%
Lulu
58%
Nathan Drake
42%
Raze
42%
Big Daddy
38%
Heavy
30%
Isabelle
27%
King
26%
Cody Renders
20%
Zagreus
19%
Dr. Neo Cortex
16%
Yooka
16%
Li
14%
Codsworth
10%
Ethen Winters
7%
Razum-Dar
3%
Keine übereinstimmenden Quizze gefunden
Verteilung der Resultate
Anzahl Personen mit jedem Resultat
Perzentil nach korrekt beantworteten Fragen
Ihre Resultats-Entwicklung
Sie haben dieses Quiz noch nicht gespielt